| 000 | 00668nam 22001933 4500 | ||
|---|---|---|---|
| 001 | 199676 | ||
| 010 | _a972-672-633-6 | ||
| 090 | _a199676 | ||
| 100 | _a20251222d u||y0pory50 ba | ||
| 200 |
_aOs bosquímanos de Angola _fAntónio de Almeida |
||
| 210 |
_aLisboa _cInstituto de Investigação Científica Tropical _d1994 |
||
| 215 |
_a403 p. _cil. ; brochado _d25 cm |
||
| 300 | _atextos em francês e português | ||
| 606 |
_92051 _aAntropologia Cultural. Etnologia. Etnografia. Usos e Costumes. Tradições. Modo de vida. Folclore |
||
| 675 |
_a39 _vPT _zpor |
||
| 700 |
_915478 _aAlmeida _bAntónio de _f1900-1984 |
||
| 801 |
_aPT _bBMMN _gRPC |
||
| 830 | _cVanda | ||
| 990 | _cLIVROS | ||